01273nam a2200181Ia 4500001001300000003001000013008004100023040002500064041000700089100002200096245004400118250001100162260006000173300001200233500079400245650004101039700001101080b5622-37749 IT-MiCISF161014s9999||||xx |||||||||||||| ||und|| aIT-MiCISFcIT-MiCISF ait aMogavero Domenico 0aIl matrimonio tra cattolici ed islamici a1a ed. a Città del VaticanobLibreria editrice Vaticanac2002 app. 443 aChiaretti G., Boni G., Montan A., Aluffi Beck-Peccoz R., Musselli L., Paglia V., Di Leo F. / matrimonio-misto, religioni-non-cristiane, diritto-canonico, nullità, pastorale-familiare / Il volume riporta gli atti del XXXIII Congresso dell'Associazione Canonistica Italiana, e comprende scritti di noti esperti della materia sul significato religioso del matrimonio tra un battezzato e un non battezzato, sulla disciplina universale e particolare riguardante il matrimonio islamo-cattolico, sulla nullità e scioglimento del matrimonio canonico fra cattolici e islamici, sulla pastorale nei matrimoni islamo-cattolici, sui rapporti familiari nella società islamica. Chiudono il volume un saggio di natura statistica e un'ampia documentazione proveniente da diocesi italiane e straniere. a Temi di pastorale / matrimonioe012 aAA.VV.